000 00841nam a22002297a 4500
005 20180803165608.0
008 140923b2014 ck ||||| |||| 00| 0 spa d
041 _aspa
044 _ack
082 0 4 _a633.8
_bG63b6
245 0 0 _aViveros de especies nativas para la zona cafetera en Colombia
260 _aBogotá :
_bFederación de Nacional de Cafeteros de Colombia,
_c2014.
300 _a31 p.
_bil.
_c24 cm.
500 _aProyecto incorporación de la biodiversidad en el sector cafetero de Colombia.
650 4 _aPaisaje cafetero
_927193
650 4 _aEspecies forestales
_zEje cafetero (Colombia)
_927199
650 4 _aPlantas nativas
_zEje cafetero (Colombia)
_927200
650 4 _aViveros
_992504
650 4 _aHerramientas de manejo del paisaje
_992489
700 1 _aGómez, José Antonio
_ecoord.
_92326
942 _2ddc
_cLIBRO
_01
999 _c8726
_d8726